Central Library, Doon University
WEBOPAC (ONLINE PUBLIC ACCESS CATALOGUE)
Normal view MARC view

Entry Topical Term

Number of records used in: 28

001 - CONTROL NUMBER

  • control field: 26808

003 - CONTROL NUMBER IDENTIFIER

  • control field: Doon University

005 - DATE AND TIME OF LATEST TRANSACTION

  • control field: 20260513122648.0

008 - FIXED-LENGTH DATA ELEMENTS

  • fixed length control field: 260513|| aca||aabn | a|a d

040 ## - CATALOGING SOURCE

  • Original cataloging agency: Doon University
  • Transcribing agency: Doon University

150 ## - HEADING--TOPICAL TERM

  • Topical term or geographic name entry element: Computer Science (PM USHA)

670 ## - SOURCE DATA FOUND

  • Source citation: Work cat.: (Doon University)60780: Bishop, Christopher M. 22497, Pattern Recognition And Machine Learning, 2009
Contact : +91-135-2533126 (Library),+91-135-2533105 (Admin Office) , Email : doonlibrary@gmail.com

Powered by Koha